<?xml version="1.0" encoding="UTF-8"?>
<collection xmlns="http://www.loc.gov/MARC21/slim">
<record>
  <controlfield tag="001">163647</controlfield>
  <controlfield tag="005">20251028143426.0</controlfield>
  <datafield tag="024" ind1="8" ind2=" ">
    <subfield code="2">innovaciondocente</subfield>
    <subfield code="a">5341</subfield>
  </datafield>
  <datafield tag="037" ind1=" " ind2=" ">
    <subfield code="a">INNODOC-2024-5341</subfield>
  </datafield>
  <datafield tag="041" ind1=" " ind2=" ">
    <subfield code="a">spa</subfield>
  </datafield>
  <datafield tag="100" ind1=" " ind2=" ">
    <subfield code="0">(orcid)0000-0001-9111-1627</subfield>
    <subfield code="a">Gil Clemente, María Elena</subfield>
    <subfield code="e">coord.</subfield>
  </datafield>
  <datafield tag="245" ind1=" " ind2=" ">
    <subfield code="a">Experiencias de crecimiento en las clases de matemáticas</subfield>
  </datafield>
  <datafield tag="260" ind1=" " ind2=" ">
    <subfield code="a">Zaragoza</subfield>
    <subfield code="b">Universidad de Zaragoza</subfield>
    <subfield code="c">2024</subfield>
  </datafield>
  <datafield tag="520" ind1="3" ind2=" ">
    <subfield code="a">Las asignaturas de Matemáticas de algunos grados universitarios están concebidas como una forma de seleccionar a los alumnos más capaces y se convierten así en fuente de fracaso para un número elevado de estudiantes. Esto tiene serias repercusiones en los estudiantes que posteriormente se van a dedicar a la enseñanza, pues tienden a reproducir en su trabajo posterior esta función selectiva y en cierto modo elitista de las matemáticas en la formación.  Queremos ofrecer a los estudiantes de las asignaturas de matemáticas de grados diversos (Ingeniería, Matemáticas, Magisterio) experiencias que les acerquen a aspectos inherentes a la actividad matemática que conecten son su ser persona y les  permita crear una síntesis de los distintos aspectos de las matemáticas con los que entran en contacto. De esta manera queremos vincular las matemáticas a las Humanidades y alejar el foco de nuestra enseñanza de los aspectos técnicos y mecánicos que pueden hacer de las matemáticas una disciplina fría y alejada de las necesidades de los estudiantes.  Experimentar que uno es capaz de dar un significado a las matemáticas que aprende puede ayudar a los futuros docentes a sentirse seguros para transmitir a todos los niños, no solo a los más capaces, la confianza y el entusiasmo necesarios para aprender.</subfield>
  </datafield>
  <datafield tag="700" ind1=" " ind2=" ">
    <subfield code="0">(orcid)0000-0002-6497-2162</subfield>
    <subfield code="a">Elduque Palomo, Alberto Carlos</subfield>
  </datafield>
  <datafield tag="700" ind1=" " ind2=" ">
    <subfield code="a">Díez Ibáñez, David</subfield>
  </datafield>
  <datafield tag="700" ind1=" " ind2=" ">
    <subfield code="0">(orcid)0000-0002-0187-2754</subfield>
    <subfield code="a">Marcuello Servós, Jaime</subfield>
  </datafield>
  <datafield tag="700" ind1=" " ind2=" ">
    <subfield code="0">(orcid)0000-0003-1820-6755</subfield>
    <subfield code="a">Cogolludo Agustín, José Ignacio</subfield>
  </datafield>
  <datafield tag="700" ind1=" " ind2=" ">
    <subfield code="0">(orcid)0000-0003-2207-8653</subfield>
    <subfield code="a">Ugarte Vilumbrales, Luis</subfield>
  </datafield>
  <datafield tag="700" ind1=" " ind2=" ">
    <subfield code="a">Lizasoain Iriso, Maria Inmaculada</subfield>
  </datafield>
  <datafield tag="700" ind1=" " ind2=" ">
    <subfield code="a">Garcia Catalan, Olga Raquel</subfield>
  </datafield>
  <datafield tag="700" ind1=" " ind2=" ">
    <subfield code="0">(orcid)0000-0001-7111-5022</subfield>
    <subfield code="a">Vigara Benito, Rubén</subfield>
  </datafield>
  <datafield tag="856" ind1="4" ind2=" ">
    <subfield code="s">85701</subfield>
    <subfield code="u">http://zaguan.unizar.es/record/163647/files/memoria_PIIDUZ_2024_5341.pdf</subfield>
    <subfield code="y">Memoria del proyecto</subfield>
  </datafield>
  <datafield tag="970" ind1=" " ind2=" ">
    <subfield code="a">INNODOC-2024-5341</subfield>
  </datafield>
  <datafield tag="980" ind1=" " ind2=" ">
    <subfield code="a">INNODOC</subfield>
    <subfield code="b">PIIDUZ</subfield>
    <subfield code="c">PIIDUZ_3 De referencia</subfield>
  </datafield>
</record>
</collection>